<?xml version="1.0" encoding="UTF-8"?><?xml-stylesheet type="text/xsl" href="static/style.xsl"?><OAI-PMH xmlns="http://www.openarchives.org/OAI/2.0/" xmlns:xsi="http://www.w3.org/2001/XMLSchema-instance" xsi:schemaLocation="http://www.openarchives.org/OAI/2.0/ http://www.openarchives.org/OAI/2.0/OAI-PMH.xsd"><responseDate>2026-04-17T18:36:44Z</responseDate><request verb="GetRecord" identifier="oai:www.recercat.cat:20.500.12327/1408" metadataPrefix="marc">https://recercat.cat/oai/request</request><GetRecord><record><header><identifier>oai:recercat.cat:20.500.12327/1408</identifier><datestamp>2025-10-22T11:22:01Z</datestamp><setSpec>com_2072_4428</setSpec><setSpec>com_2072_4427</setSpec><setSpec>col_2072_487898</setSpec></header><metadata><record xmlns="http://www.loc.gov/MARC21/slim" xmlns:dcterms="http://purl.org/dc/terms/" xmlns:xsi="http://www.w3.org/2001/XMLSchema-instance" xmlns:doc="http://www.lyncode.com/xoai" xsi:schemaLocation="http://www.loc.gov/MARC21/slim http://www.loc.gov/standards/marcxml/schema/MARC21slim.xsd">
   <leader>00925njm 22002777a 4500</leader>
   <datafield ind2=" " ind1=" " tag="042">
      <subfield code="a">dc</subfield>
   </datafield>
   <datafield ind2=" " ind1=" " tag="720">
      <subfield code="a">Llauradó-Calero, E.</subfield>
      <subfield code="e">author</subfield>
   </datafield>
   <datafield ind2=" " ind1=" " tag="720">
      <subfield code="a">Badiola, I.</subfield>
      <subfield code="e">author</subfield>
   </datafield>
   <datafield ind2=" " ind1=" " tag="720">
      <subfield code="a">Delpino-Rius, A.</subfield>
      <subfield code="e">author</subfield>
   </datafield>
   <datafield ind2=" " ind1=" " tag="720">
      <subfield code="a">Lizardo, R.</subfield>
      <subfield code="e">author</subfield>
   </datafield>
   <datafield ind2=" " ind1=" " tag="720">
      <subfield code="a">Torrallardona, D.</subfield>
      <subfield code="e">author</subfield>
   </datafield>
   <datafield ind2=" " ind1=" " tag="720">
      <subfield code="a">Esteve-Garcia, E.</subfield>
      <subfield code="e">author</subfield>
   </datafield>
   <datafield ind2=" " ind1=" " tag="720">
      <subfield code="a">Tous, T.</subfield>
      <subfield code="e">author</subfield>
   </datafield>
   <datafield ind2=" " ind1=" " tag="260">
      <subfield code="c">2021-11-15</subfield>
   </datafield>
   <datafield ind2=" " ind1=" " tag="520">
      <subfield code="a">Colostrum and milk are the first nutrient sources for newborn piglets. In addition, n-3 fatty acids (FAs) and their oxygenated derivatives (oxylipins) have the capacity to modulate immune components. The aim of the current study was to include a fish oil rich in eicosapentaenoic acid (EPA) and docosahexaenoic acid (DHA) in sow diets to promote an increase of anti-inflammatory molecules in colostrum and milk to benefit piglets. Thirty-six sows were randomly assigned from insemination to the end of lactation to either a control diet with animal fat (15 g/kg in gestation and 30 g/kg in lactation) or an n-3 diet in which animal fat was totally (gestation) or half (lactation) replaced by an equivalent amount of solid fish oil. Performance of sows and piglets was monitored during the study. Colostrum and milk samples were obtained after the birth of the first piglet and at weaning, respectively. From all samples (n = 18 per treatment), FAs were quantified by gas chromatography and immunoglobulins and cytokines by ELISA. Three samples per treatment were randomly selected to analyse oxylipin composition by liquid chromatography-tandem mass spectrometry. In colostrum and in milk, the n-3 FA (P = 0.020 and P &lt; 0.001), particularly EPA (P &lt; 0.001 and P &lt; 0.001) and DHA (P &lt; 0.001 and P &lt; 0.001), and also their oxygenated derivatives were increased in samples from sows fed n-3 diet. Fish oil had no effect on immunoglobulin concentrations, but reduced tumour necrosis factor α (TNFα) (P = 0.011) and a tendency to reduce interleukin 10 (IL10) (P = 0.059) were observed in milk. In conclusion, fish oil in sow diets increased n-3 FA, particularly EPA and DHA, and their oxygenated derivatives in colostrum and milk, reducing TNFα and IL10 in milk.</subfield>
   </datafield>
   <datafield ind1="8" ind2=" " tag="024">
      <subfield code="a">Llauradó-Calero, E., I. Badiola, A. Delpino-Rius, R. Lizardo, D. Torrallardona, E. Esteve-Garcia, and N. Tous. 2021. "Fish Oil Rich In Eicosapentaenoic Acid And Docosahexaenoic Acid In Sow Diets Modifies Oxylipins And Immune Indicators In Colostrum And Milk". Animal 15 (12): 100403. doi:10.1016/j.animal.2021.100403.</subfield>
   </datafield>
   <datafield ind1="8" ind2=" " tag="024">
      <subfield code="a">1751-7311</subfield>
   </datafield>
   <datafield ind1="8" ind2=" " tag="024">
      <subfield code="a">http://hdl.handle.net/20.500.12327/1408</subfield>
   </datafield>
   <datafield ind1="8" ind2=" " tag="024">
      <subfield code="a">https://doi.org/10.1016/j.animal.2021.100403</subfield>
   </datafield>
   <datafield ind2="0" ind1="0" tag="245">
      <subfield code="a">Fish oil rich in eicosapentaenoic acid and docosahexaenoic acid in sow diets modifies oxylipins and immune indicators in colostrum and milk</subfield>
   </datafield>
</record></metadata></record></GetRecord></OAI-PMH>